The imagined economics of globalization/ (Record no. 9096)
[ view plain ]
| 000 -LEADER | |
|---|---|
| fixed length control field | 00493nam a22001937a 4500 |
| 003 - CONTROL NUMBER IDENTIFIER | |
| control field | OSt |
| 005 - DATE AND TIME OF LATEST TRANSACTION | |
| control field | 20240709103253.0 |
| 008 - FIXED-LENGTH DATA ELEMENTS--GENERAL INFORMATION | |
| fixed length control field | 240709b |||||||| |||| 00| 0 eng d |
| 020 ## - INTERNATIONAL STANDARD BOOK NUMBER | |
| International Standard Book Number | 978076197112 |
| 040 ## - CATALOGING SOURCE | |
| Transcribing agency | MUST |
| 082 ## - DEWEY DECIMAL CLASSIFICATION NUMBER | |
| Classification number | 330 CAM 2004 |
| 100 ## - MAIN ENTRY--PERSONAL NAME | |
| Personal name | Cameron, ,Angus |
| 9 (RLIN) | 18517 |
| 245 ## - TITLE STATEMENT | |
| Title | The imagined economics of globalization/ |
| Statement of responsibility, etc. | Angus Cameron |
| 300 ## - PHYSICAL DESCRIPTION | |
| Extent | vi,186p. |
| Dimensions | 24cm |
| 504 ## - BIBLIOGRAPHY, ETC. NOTE | |
| Bibliography, etc | includes bibliography |
| 650 ## - SUBJECT ADDED ENTRY--TOPICAL TERM | |
| Source of heading or term | Economics |
| 700 ## - ADDED ENTRY--PERSONAL NAME | |
| Relator code | Palan,Ronen |
| 942 ## - ADDED ENTRY ELEMENTS (KOHA) | |
| Source of classification or shelving scheme | Dewey Decimal Classification |
| Koha item type | Open Shelf |
| Withdrawn status | Lost status | Source of classification or shelving scheme | Damaged status | Not for loan | Home library | Current library | Date acquired | Source of acquisition | Inventory number | Total Checkouts | Full call number | Barcode | Date last seen | Price effective from | Koha item type |
|---|---|---|---|---|---|---|---|---|---|---|---|---|---|---|---|
| Dewey Decimal Classification | MUST Main Library | MUST Main Library | 09/07/2024 | Donation | 07/28659 | 330 CAM 2004 | 2024-21844 | 09/07/2024 | 09/07/2024 | Open Shelf |
